<?xml version="1.0" encoding="UTF-8"?><?xml-stylesheet type="text/xsl" href="static/style.xsl"?><OAI-PMH xmlns="http://www.openarchives.org/OAI/2.0/" xmlns:xsi="http://www.w3.org/2001/XMLSchema-instance" xsi:schemaLocation="http://www.openarchives.org/OAI/2.0/ http://www.openarchives.org/OAI/2.0/OAI-PMH.xsd"><responseDate>2026-06-01T18:11:56Z</responseDate><request verb="GetRecord" identifier="oai:riuma.uma.es:10630/28762" metadataPrefix="marc">https://riuma.uma.es/rest/oai/request</request><GetRecord><record><header><identifier>oai:riuma.uma.es:10630/28762</identifier><datestamp>2026-02-03T11:35:52Z</datestamp><setSpec>com_10630_2254</setSpec><setSpec>col_10630_37953</setSpec></header><metadata><record xmlns="http://www.loc.gov/MARC21/slim" xmlns:dcterms="http://purl.org/dc/terms/" xmlns:doc="http://www.lyncode.com/xoai" xmlns:xsi="http://www.w3.org/2001/XMLSchema-instance" xsi:schemaLocation="http://www.loc.gov/MARC21/slim http://www.loc.gov/standards/marcxml/schema/MARC21slim.xsd">
   <leader>00925njm 22002777a 4500</leader>
   <datafield ind2=" " ind1=" " tag="042">
      <subfield code="a">dc</subfield>
   </datafield>
   <datafield ind2=" " ind1=" " tag="720">
      <subfield code="a">Lobillo-Mora, Gema María</subfield>
      <subfield code="e">author</subfield>
   </datafield>
   <datafield ind2=" " ind1=" " tag="720">
      <subfield code="a">Ginesta-Portet, Xavier</subfield>
      <subfield code="e">author</subfield>
   </datafield>
   <datafield ind2=" " ind1=" " tag="720">
      <subfield code="a">De San Eugenio Vela, Jordi</subfield>
      <subfield code="e">author</subfield>
   </datafield>
   <datafield ind2=" " ind1=" " tag="260">
      <subfield code="c">2021-12-11</subfield>
   </datafield>
   <datafield ind2=" " ind1=" " tag="520">
      <subfield code="a">On October 2020, Real Betis Balompié, a football club located in Seville (Andalucia), presented the Forever Green programme, a global programme of Corporate Social Responsibility (CSR) that, through the club’s foundation, enables the entity to position itself in areas of sustainable development and environment at a global level. This project was preceded by a sponsorship initiative with the Green Earth project, as well as having been the first football club to sign the United Nations’ Climate Change Now initiative. This article aims to explain the rebranding process of a sports brand based on values linked to sustainability and to assess the impact this rebranding process has had on the fans’ perception of the brand. The methodology used was a combination of in-depth interviews with the executives charged with leading the rebranding process and a convenience survey given to 100 fans to assess the impact of the initiative. The results show that both the entity and the fans agree on a holistic vision of what the CSR is, altruistic in nature, and that its initiatives should be applicable across the entire organisation. However, although the club’s link with values of the environment and sustainability is highly valued by the fans, they still do not feel directly called upon to take part in actions that the club organises.</subfield>
   </datafield>
   <datafield ind1="8" ind2=" " tag="024">
      <subfield code="a">Lobillo Mora, G., Ginesta, X., &amp; de San Eugenio Vela, J. (2021). Corporate Social Responsibility and Football Clubs: The Value of Environmental Sustainability as a Basis for the Rebranding of Real Betis Balompié in Spain. Sustainability ca13(24), 13689. MDPI AG. Retrieved from http://dx.doi.org/10.3390/su132413689.pp.1-16</subfield>
   </datafield>
   <datafield ind1="8" ind2=" " tag="024">
      <subfield code="a">https://hdl.handle.net/10630/28762</subfield>
   </datafield>
   <datafield ind1="8" ind2=" " tag="024">
      <subfield code="a">10.3390/su132413689</subfield>
   </datafield>
   <datafield tag="653" ind2=" " ind1=" ">
      <subfield code="a">Desarrollo sostenible</subfield>
   </datafield>
   <datafield tag="653" ind2=" " ind1=" ">
      <subfield code="a">Fútbol - Aspectos ambientales</subfield>
   </datafield>
   <datafield ind2="0" ind1="0" tag="245">
      <subfield code="a">Corporate social responsibility and football clubs: The value of environmental sustainability as a basis for the rebranding of Real Betis Balompié in Spain</subfield>
   </datafield>
</record>
</metadata></record></GetRecord></OAI-PMH>